|
|
|
|
| LEADER |
01482nom a2200373 u 4500 |
| 001 |
10071030 |
| 003 |
upatras |
| 005 |
20210608074723.0 |
| 008 |
090513s2005 eng |
| 020 |
|
|
|a 9781846280924
|
| 040 |
|
|
|a GR-PaULI
|c GR-PaULI
|
| 041 |
0 |
|
|a eng
|
| 100 |
1 |
|
|a Marinaki, Magdalene
|9 67919
|
| 245 |
1 |
0 |
|a Optimal Real-time Control of Sewer Networks
|h [electronic resource]
|c by Magdalene Marinaki, Markos Papageorgiou
|
| 260 |
|
|
|a London
|b Springer-Verlag London Limited
|c 2005
|
| 300 |
|
|
|b v.: digital
|
| 490 |
0 |
|
|a Advances in Industrial Control
|x 1430-9491
|
| 650 |
|
4 |
|a Engineering
|9 17712
|
| 650 |
|
4 |
|a Structural control (Engineering)
|9 64858
|
| 650 |
|
4 |
|a Απορρίμματα και διάθεση απορριμμάτων
|9 12314
|
| 650 |
|
4 |
|a Water pollution
|9 21690
|
| 650 |
|
4 |
|a Civil engineering
|9 14448
|
| 650 |
|
4 |
|a Engineering
|9 17712
|
| 650 |
|
4 |
|a Control Engineering
|9 24307
|
| 650 |
|
4 |
|a Απορρίμματα και διάθεση απορριμμάτων
|9 12314
|
| 650 |
|
4 |
|a Waste Water Technology / Water Pollution Control / Water Management / Aquatic Pollution
|9 64490
|
| 650 |
|
4 |
|a Civil Engineering
|9 14448
|
| 700 |
1 |
|
|a Papageorgiou, Markos
|9 67920
|
| 760 |
1 |
|
|a Advances in Industrial Control
|x 1430-9491
|
| 852 |
|
|
|a GR-PaULI
|b ΠΑΤΡΑ
|b ΒΚΠ
|
| 856 |
4 |
0 |
|u http://dx.doi.org/10.1007/b138719
|
| 942 |
|
|
|2 ddc
|
| 952 |
|
|
|0 0
|1 0
|4 0
|7 0
|9 72485
|a LISP
|b LISP
|d 2016-04-24
|l 0
|r 2016-04-24 00:00:00
|w 2016-04-24
|y ERS
|
| 999 |
|
|
|c 47275
|d 47275
|